000 00261nam a2200109Ia 4500
008 190216s9999||||xx |||||||||||||| ||und||
100 _aArnikar H J
245 0 _aEssentials Of Nuclear Chemistry
260 _bWiley Eastern Ltd
_c1981
300 _a495
942 _cBK
999 _c2854
_d2854